Propuesta para exportar artesanías del colectivo artesanal Lofofora a Suiza /

Gespeichert in:
Bibliographische Detailangaben
1. Verfasser: Peniche López, Alejandro (autor)
Format: Abschlussarbeit Buch
Sprache:Spanisch
Schlagworte:
Tags: Tag hinzufügen
Keine Tags, Fügen Sie das erste Tag hinzu!

MARC

LEADER 00000nam^a2200000^a^4500
001 000347223
005 20250521000000.0
009 20260310114807.484
037 |a Acervo ITESO - Biblioteca 
041 |a ESP 
090 |a MKT. 123 
100 |a Peniche López, Alejandro  |e (autor) 
245 1 0 |a Propuesta para exportar artesanías del colectivo artesanal Lofofora a Suiza /  |c A. Peniche López. 
264 |a Guadalajara, México :  |b edición de autor,  |c 2014 
300 |a 1 disco compacto de computadora 
336 |a datos para computadora  |b cod  |2 rdacontenido 
337 |a computadora  |b c  |2 rdamedio 
338 |a disco de computadora  |b cd  |2 rdasoporte 
502 |a ITESO Tesis de Maestría en Mercadotecnia Global 
649 |a XX 
650 |a Artesanía -  |z México -  |x Aspectos Económicos -  |x Tema Principal 
650 |a Arte Huichol 
650 |a Exportaciones -  |z México 
650 |a Investigación de Mercado -  |z Suiza 
650 |a Mercadotecnia de Exportación -  |x Tema Principal 
650 |a Ciencias Administrativas 
910 |a Fondo General 
920 |a Electrónicos - Tesis del ITESO en Disco 
905 |a 202 
901 |a 0500237743  |b IT2  |c STS  |i D66392  |u 20250521 
902 |a https://opac.biblio.iteso.mx/vufind/Record/000347223